[Event "EU-chT Seniors 65"]
[Site "Dresden"]
[Date "2022.10.27"]
[Round "1.1"]
[White "Legky, Nikolay A"]
[Black "Schroeter, Helmut"]
[Result "1-0"]
[WhiteElo "2350"]
[BlackElo "2014"]
[PlyCount "48"]
[EventDate "2022.10.27"]
[EventType "team-swiss"]
[EventRounds "9"]
[EventCountry "GER"]
[SourceTitle "EXT 2024"]
[Source "ChessBase"]
[SourceDate "2023.10.10"]
[SourceVersion "1"]
[SourceVersionDate "2023.10.10"]
[SourceQuality "1"]
[WhiteTeam "Strasbourg 65"]
[BlackTeam "Dresden TuR 65"]
[WhiteTeamCountry "FRA"]
[BlackTeamCountry "GER"]

1. d4 Nf6 2. Bg5 Ne4 3. Bf4 d5 4. f3 Nd6 5. Nc3 e6 6. e4 dxe4 7. fxe4 Nc6 8. Nf3 a6 9. d5 exd5 10. exd5 Qe7+ 11. Be2 Nd8 12. 0-0 Ne4 13. Nxe4 Qxe4 14. Bb5+ axb5 15. Re1 Bc5+ 16. Kh1 f5 17. Ng5 Qxe1+ 18. Qxe1+ Kf8 19. Bxc7 Bd7 20. Qg3 Nf7 21. Ne6+ Bxe6 22. dxe6 Nd8 23. Bd6+ Bxd6 24. Qxd6+ Ke8 1-0

[Event "WchT Seniors 65"]
[Site "Radebeul"]
[Date "2016.07.03"]
[Round "8.13"]
[White "Schroeter, Helmut"]
[Black "Hajenius, Willem"]
[Result "0-1"]
[WhiteElo "2073"]
[BlackElo "2008"]
[PlyCount "76"]
[EventDate "2016.06.26"]
[EventType "team-swiss"]
[EventRounds "9"]
[EventCountry "GER"]
[SourceTitle "CBM 173 Extra"]
[Source "ChessBase"]
[SourceDate "2016.08.29"]
[SourceVersion "1"]
[SourceVersionDate "2016.08.29"]
[SourceQuality "1"]
[WhiteTeam "Dresden TuR"]
[BlackTeam "Belgium II"]
[WhiteTeamCountry "GER"]
[BlackTeamCountry "BEL"]

1. e4 c5 2. Nf3 Nf6 3. Nc3 Nc6 4. d4 d5 5. e5 Ne4 6. Bb5 Nxc3 7. bxc3 Qa5 8. Bxc6+ bxc6 9. Bd2 Ba6 10. e6 f6 11. Nh4 g6 12. f4 0-0-0 13. Nf3 Rd6 14. Kf2 Rxe6 15. Re1 Re4 16. c4 Qd8 17. cxd5 Qxd5 18. c4 Bxc4 19. Qa4 Rxe1 20. Rxe1 a6 21. Rc1 Bb5 22. Qc2 cxd4 23. a4 d3 24. Qb2 Bxa4 25. Qb6 Qb5 26. Qe3 e5 27. fxe5 fxe5 28. Nxe5 Bc2 29. Nxd3 Qf5+ 30. Kg1 Qxd3 31. Qe8+ Kb7 32. Rxc2 Qxc2 33. Qd7+ Kb6 34. Qd8+ Kb5 35. Qa5+ Kc4 36. Qxa6+ Kd5 37. Be1 Bc5+ 38. Kh1 Qc4 0-1

[Event "EU-chT Seniors 12th"]
[Site "Dresden"]
[Date "2010.02.18"]
[Round "9"]
[White "Schroeter, Helmut"]
[Black "Meier, Wolfgang"]
[Result "1/2-1/2"]
[WhiteElo "2110"]
[BlackElo "2199"]
[PlyCount "47"]
[EventDate "2010.02.10"]
[EventType "team-swiss"]
[EventRounds "9"]
[EventCountry "GER"]
[SourceTitle "CBM 134 Extra"]
[Source "ChessBase"]
[SourceDate "2010.03.03"]
[SourceVersion "1"]
[SourceVersionDate "2010.03.03"]
[SourceQuality "1"]
[WhiteTeam "Dresden TuR (Seniors)"]
[BlackTeam "Dresden Lokomotiv (Seniors)"]
[WhiteTeamCountry "GER"]
[BlackTeamCountry "GER"]

1. e4 c5 2. Nf3 Nc6 3. Bb5 g6 4. 0-0 Bg7 5. c3 Nf6 6. Re1 0-0 7. d4 cxd4 8. cxd4 a6 9. Qa4 Rb8 10. Bf1 d5 11. e5 Ne8 12. Bf4 Nc7 13. Nc3 b5 14. Qc2 Ne6 15. Ne2 Qb6 16. Qd2 Bb7 17. Rac1 Rbc8 18. Red1 Na5 19. b3 Rxc1 20. Rxc1 Rc8 21. Bh6 Rxc1 22. Qxc1 Nc6 23. Bxg7 Nxg7 24. Qc3 1/2-1/2

[Event "EU-chT Seniors 12th"]
[Site "Dresden"]
[Date "2010.02.17"]
[Round "8"]
[White "Schroeter, Helmut"]
[Black "Ulker, Ates"]
[Result "1/2-1/2"]
[WhiteElo "2110"]
[BlackElo "2140"]
[PlyCount "27"]
[EventDate "2010.02.10"]
[EventType "team-swiss"]
[EventRounds "9"]
[EventCountry "GER"]
[SourceTitle "CBM 134 Extra"]
[Source "ChessBase"]
[SourceDate "2010.03.03"]
[SourceVersion "1"]
[SourceVersionDate "2010.03.03"]
[SourceQuality "1"]
[WhiteTeam "Dresden TuR (Seniors)"]
[BlackTeam "Turkey (Seniors)"]
[WhiteTeamCountry "GER"]
[BlackTeamCountry "TUR"]

1. e4 c5 2. Nf3 e6 3. d4 cxd4 4. Nxd4 a6 5. Nc3 Qc7 6. Be2 Nf6 7. 0-0 Bb4 8. Qd3 Nc6 9. Bd2 0-0 10. Kh1 Bxc3 11. Bxc3 Ne5 12. Qe3 Nc4 13. Qg3 Qxg3 14. hxg3 1/2-1/2

[Event "EU-chT Seniors 12th"]
[Site "Dresden"]
[Date "2010.02.10"]
[Round "1"]
[White "Tseshkovsky, Vitaly"]
[Black "Schroeter, Helmut"]
[Result "1-0"]
[WhiteElo "2554"]
[BlackElo "2110"]
[PlyCount "89"]
[EventDate "2010.02.10"]
[EventType "team-swiss"]
[EventRounds "9"]
[EventCountry "GER"]
[SourceTitle "CBM 134 Extra"]
[Source "ChessBase"]
[SourceDate "2010.03.03"]
[SourceVersion "1"]
[SourceVersionDate "2010.03.03"]
[SourceQuality "1"]
[WhiteTeam "Russia (Seniors)"]
[BlackTeam "Dresden TuR (Seniors)"]
[WhiteTeamCountry "RUS"]
[BlackTeamCountry "GER"]

1. e4 e5 2. Nf3 Nc6 3. Bb5 a6 4. Ba4 Nf6 5. 0-0 Be7 6. Re1 b5 7. Bb3 0-0 8. d4 d6 9. c3 Bg4 10. d5 Na5 11. Bc2 c5 12. h3 Bd7 13. Nbd2 Qb6 14. b4 Nb7 15. Rb1 Rfc8 16. Bd3 g6 17. a3 Nh5 18. Nf1 f6 19. Be3 Qc7 20. N3d2 cxb4 21. cxb4 Qc3 22. Nb3 Nf4 23. Bxf4 exf4 24. Nh2 Qe5 25. Be2 Bf8 26. Bg4 Qe7 27. Bxd7 Qxd7 28. Qf3 g5 29. Nd4 Nd8 30. h4 Rc4 31. Nf5 Nf7 32. Ng4 Qd8 33. hxg5 fxg5 34. e5 dxe5 35. Nxe5 Nxe5 36. Rxe5 Qf6 37. Rbe1 Rac8 38. d6 Rc1 39. Qd5+ Qf7 40. Rxc1 Rxc1+ 41. Kh2 Rc8 42. d7 Rd8 43. Nh6+ Bxh6 44. Re8+ Bf8 45. Qxf7+ 1-0

[Event "GER-ch Seniors 21st"]
[Site "Dresden"]
[Date "2009.08.07"]
[Round "5"]
[White "Schroeter, Helmut"]
[Black "Schmid, Hartmut"]
[Result "1/2-1/2"]
[WhiteElo "2092"]
[BlackElo "2171"]
[PlyCount "45"]
[EventDate "2009.08.03"]
[EventType "swiss"]
[EventRounds "9"]
[EventCountry "GER"]
[SourceTitle "CBM 131 Extra"]
[Source "ChessBase"]
[SourceDate "2009.09.03"]
[SourceVersion "2"]
[SourceVersionDate "2009.09.16"]
[SourceQuality "1"]

1. e4 c6 2. Nf3 d5 3. exd5 cxd5 4. d4 Nc6 5. Be2 Nf6 6. 0-0 g6 7. Bf4 Bg7 8. c3 0-0 9. Nbd2 Nh5 10. Be3 Qd6 11. Re1 Nf4 12. Bf1 Nh5 13. b4 Bg4 14. h3 Bxf3 15. Nxf3 Rac8 16. Qd2 Rfe8 17. g4 Nf6 18. Bf4 Qd8 19. Bd3 a6 20. a4 Nd7 21. Ne5 Ndxe5 22. dxe5 e6 23. Rac1 1/2-1/2

[Event "GER-ch Seniors 21st"]
[Site "Dresden"]
[Date "2009.08.04"]
[Round "3"]
[White "Schroeter, Helmut"]
[Black "Clemens, Christian"]
[Result "0-1"]
[WhiteElo "2092"]
[BlackElo "2290"]
[PlyCount "80"]
[EventDate "2009.08.03"]
[EventType "swiss"]
[EventRounds "9"]
[EventCountry "GER"]
[SourceTitle "CBM 131 Extra"]
[Source "ChessBase"]
[SourceDate "2009.09.03"]
[SourceVersion "2"]
[SourceVersionDate "2009.09.16"]
[SourceQuality "1"]

1. f4 c5 2. Nf3 Nc6 3. g3 g6 4. Bg2 Bg7 5. 0-0 d6 6. d3 e5 7. c3 Nge7 8. e4 0-0 9. Na3 b6 10. Qa4 Bb7 11. Be3 a6 12. Rad1 b5 13. Qc2 Rc8 14. Qf2 f5 15. Ng5 Qd7 16. exf5 exf4 17. Bxf4 gxf5 18. Qe2 Rf6 19. Nc2 h6 20. Nf3 Re6 21. Qd2 Ne5 22. Nh4 Re8 23. Ne3 N5g6 24. d4 Nxh4 25. d5 Nxg2 26. dxe6 Nxf4 27. Rxf4 Qxe6 28. Ng2 Nd5 29. Re1 Nxf4 30. Rxe6 Nh3+ 31. Kf1 Rxe6 32. Nf4 Nxf4 33. Qxf4 Be4 34. Qh4 Bd3+ 35. Kf2 Bf6 36. Qh5 Kg7 37. h4 Re2+ 38. Kg1 Re3 39. Qd1 Rxg3+ 40. Kh2 Be5 0-1

[Event "EU-chT Seniors 10th"]
[Site "Dresden"]
[Date "2008.02.19"]
[Round "9.1"]
[White "Meier, Wolfgang"]
[Black "Schroeter, Helmut"]
[Result "1-0"]
[WhiteElo "2207"]
[BlackElo "2072"]
[PlyCount "73"]
[EventDate "2008.02.11"]
[EventType "team-swiss"]
[EventRounds "9"]
[EventCountry "GER"]
[SourceTitle "CBM 122 Extra"]
[Source "ChessBase"]
[SourceDate "2008.03.04"]
[SourceVersion "1"]
[SourceVersionDate "2008.03.04"]
[SourceQuality "1"]
[WhiteTeam "Dresden Lokomotiv"]
[BlackTeam "Sachsen II"]
[WhiteTeamCountry "GER"]
[BlackTeamCountry "GER"]

1. c4 Nf6 2. Nc3 e5 3. g3 Be7 4. Bg2 0-0 5. Nf3 d6 6. d4 Nbd7 7. 0-0 c6 8. Qc2 Re8 9. Rd1 Qc7 10. h3 Nf8 11. Bg5 h6 12. Bxf6 Bxf6 13. d5 Bd7 14. Rac1 Be7 15. b4 a5 16. dxc6 bxc6 17. b5 Ne6 18. a4 Nc5 19. Nd2 Rac8 20. Qb2 Qb6 21. Nde4 Nb7 22. c5 Qc7 23. cxd6 Nxd6 24. Nd5 cxd5 25. Rxc7 Rxc7 26. Nxd6 Bxd6 27. Rxd5 Bb4 28. b6 Rb7 29. Rd6 Bxd6 30. Bxb7 Bb4 31. Bd5 Bxh3 32. b7 Bd7 33. Qb3 Rf8 34. Bxf7+ Kh8 35. Be6 Bc6 36. Bc8 Bc5 37. e3 1-0

[Event "EU-chT Seniors 10th"]
[Site "Dresden"]
[Date "2008.02.17"]
[Round "7.1"]
[White "Siegmund, Rainer"]
[Black "Schroeter, Helmut"]
[Result "1/2-1/2"]
[WhiteElo "2170"]
[BlackElo "2072"]
[PlyCount "117"]
[EventDate "2008.02.11"]
[EventType "team-swiss"]
[EventRounds "9"]
[EventCountry "GER"]
[SourceTitle "CBM 122 Extra"]
[Source "ChessBase"]
[SourceDate "2008.03.04"]
[SourceVersion "1"]
[SourceVersionDate "2008.03.04"]
[SourceQuality "1"]
[WhiteTeam "Sachsen"]
[BlackTeam "Sachsen II"]
[WhiteTeamCountry "GER"]
[BlackTeamCountry "GER"]

1. d4 Nf6 2. c4 e5 3. dxe5 Ng4 4. Bf4 Nc6 5. Nf3 Bb4+ 6. Nbd2 Qe7 7. e3 0-0 8. a3 Bxd2+ 9. Qxd2 Ngxe5 10. Nxe5 Nxe5 11. Be2 d6 12. Qc3 Bd7 13. c5 Bc6 14. cxd6 cxd6 15. 0-0 Rac8 16. Qd4 a6 17. Rfd1 Rfd8 18. Rd2 Rd7 19. Rad1 Rcd8 20. Bg3 f6 21. f4 Nf7 22. Bd3 Re8 23. Bf2 Be4 24. Rc1 f5 25. Bxe4 Qxe4 26. Qxe4 Rxe4 27. Rc8+ Nd8 28. Bh4 Re8 29. Rdc2 Kf7 30. R2c7 Ke6 31. Kf2 d5 32. Ke2 Kd6 33. Rc1 Rf8 34. Be1 Rff7 35. Kd3 Nc6 36. b4 Na7 37. R8c5 Nb5 38. a4 Nc7 39. Bc3 Ne6 40. Be5+ Ke7 41. Rc8 Rf8 42. R8c2 Rfd8 43. Bd4 Kf7 44. Bb6 Re8 45. g3 h5 46. Rc8 Rde7 47. R1c2 Rxc8 48. Rxc8 Re8 49. Rc2 Ke7 50. Bd4 Kd7 51. b5 Rc8 52. Rb2 axb5 53. Rxb5 Ra8 54. Rxb7+ Kc6 55. Rb6+ Kd7 56. Rb5 Kc6 57. Rb6+ Kd7 58. Rb4 Kc6 59. Rb6+ 1/2-1/2

[Event "EU-chT Seniors 10th"]
[Site "Dresden"]
[Date "2008.02.14"]
[Round "4.1"]
[White "Ghijsen, Pim"]
[Black "Schroeter, Helmut"]
[Result "1/2-1/2"]
[WhiteElo "2178"]
[BlackElo "2072"]
[PlyCount "34"]
[EventDate "2008.02.11"]
[EventType "team-swiss"]
[EventRounds "9"]
[EventCountry "GER"]
[SourceTitle "CBM 122 Extra"]
[Source "ChessBase"]
[SourceDate "2008.03.04"]
[SourceVersion "1"]
[SourceVersionDate "2008.03.04"]
[SourceQuality "1"]
[WhiteTeam "DD Oranjeteam II"]
[BlackTeam "Sachsen II"]
[WhiteTeamCountry "NED"]
[BlackTeamCountry "GER"]

1. d4 Nf6 2. Nf3 d6 3. Nbd2 Bg4 4. b3 g6 5. Bb2 Bg7 6. h3 Bxf3 7. Nxf3 Nbd7 8. e3 0-0 9. Be2 Re8 10. 0-0 e5 11. dxe5 Nxe5 12. Nxe5 dxe5 13. Bc4 Qe7 14. Qe2 Rad8 15. Rfd1 c6 16. a4 Nd5 17. Rd2 Nb6 1/2-1/2

[Event "EU-chT Seniors 10th"]
[Site "Dresden"]
[Date "2008.02.13"]
[Round "3.1"]
[White "Schroeter, Helmut"]
[Black "Standal, Bard"]
[Result "1/2-1/2"]
[WhiteElo "2072"]
[BlackElo "1901"]
[PlyCount "65"]
[EventDate "2008.02.11"]
[EventType "team-swiss"]
[EventRounds "9"]
[EventCountry "GER"]
[SourceTitle "CBM 122 Extra"]
[Source "ChessBase"]
[SourceDate "2008.03.04"]
[SourceVersion "1"]
[SourceVersionDate "2008.03.04"]
[SourceQuality "1"]
[WhiteTeam "Sachsen II"]
[BlackTeam "Norway IV"]
[WhiteTeamCountry "GER"]
[BlackTeamCountry "NOR"]

1. Nf3 Nf6 2. g3 g6 3. Bg2 Bg7 4. 0-0 0-0 5. d3 d6 6. Nbd2 Nbd7 7. c3 c6 8. e4 e5 9. Nc4 Qc7 10. Bd2 Re8 11. Qc2 Nf8 12. Rad1 Nh5 13. Ne3 f5 14. exf5 gxf5 15. Nh4 Qf7 16. Nc4 Qf6 17. Bf3 Nf4 18. gxf4 Qxh4 19. Nxd6 Re7 20. Rde1 Ng6 21. d4 e4 22. Bg2 Nxf4 23. Bxf4 Qxf4 24. Nxc8 Rxc8 25. f3 e3 26. Bh3 Rf8 27. Qg2 Kh8 28. Qg3 Bh6 29. Qxf4 Bxf4 30. Re2 Rg7+ 31. Kh1 Rg5 32. Rg1 Rxg1+ 33. Kxg1 1/2-1/2

[Event "EU-chT Seniors 10th"]
[Site "Dresden"]
[Date "2008.02.11"]
[Round "1.1"]
[White "Schroeter, Helmut"]
[Black "Roth, Peter"]
[Result "1/2-1/2"]
[WhiteElo "2072"]
[BlackElo "2209"]
[PlyCount "35"]
[EventDate "2008.02.11"]
[EventType "team-swiss"]
[EventRounds "9"]
[EventCountry "GER"]
[SourceTitle "CBM 122 Extra"]
[Source "ChessBase"]
[SourceDate "2008.03.04"]
[SourceVersion "1"]
[SourceVersionDate "2008.03.04"]
[SourceQuality "1"]
[WhiteTeam "Sachsen II"]
[BlackTeam "Wien"]
[WhiteTeamCountry "GER"]
[BlackTeamCountry "AUT"]

1. f4 b5 2. Nf3 Bb7 3. e3 a6 4. c4 b4 5. d4 e6 6. Bd3 Nf6 7. 0-0 c5 8. Nbd2 Qb6 9. Nb3 d6 10. a4 a5 11. dxc5 dxc5 12. Qe2 Nc6 13. e4 Be7 14. e5 Nd7 15. Be3 0-0-0 16. Be4 f5 17. exf6 Bxf6 18. Qf2 1/2-1/2

[Event "EU-chT Seniors 09th"]
[Site "Dresden"]
[Date "2007.02.22"]
[Round "7"]
[White "Keller, Lothar"]
[Black "Schroeter, Helmut"]
[Result "0-1"]
[WhiteElo "2117"]
[BlackElo "2072"]
[PlyCount "66"]
[EventDate "2007.02.16"]
[EventType "team-swiss"]
[EventRounds "9"]
[EventCountry "GER"]
[SourceTitle "CBM 117 Extra"]
[Source "ChessBase"]
[SourceDate "2007.05.09"]
[SourceVersion "1"]
[SourceVersionDate "2007.05.09"]
[SourceQuality "1"]

1. e4 e5 2. Bc4 Nf6 3. d3 Nc6 4. Be3 Be7 5. h3 0-0 6. Nc3 Na5 7. Bb3 c6 8. Nf3 d6 9. d4 Qc7 10. Qe2 b5 11. Bg5 a6 12. dxe5 dxe5 13. Nd1 c5 14. c4 Be6 15. Bxf6 Bxf6 16. Ne3 bxc4 17. Bxc4 Nxc4 18. Nxc4 Bxc4 19. Qxc4 Qa5+ 20. Ke2 Rab8 21. b3 Rb4 22. Qc2 Qb5+ 23. Ke3 c4 24. Rab1 Bd8 25. Nd2 Bb6+ 26. Kf3 f5 27. exf5 cxb3 28. Rxb3 Rf4+ 29. Kg3 Bxf2+ 30. Kh2 Qe2 31. Rhb1 Rd4 32. Qc7 Qxd2 33. Rb7 Bg3+ 0-1

[Event "EU-chT Seniors 09th"]
[Site "Dresden"]
[Date "2007.02.16"]
[Round "1"]
[White "Schroeter, Helmut"]
[Black "Anderton, David William"]
[Result "1/2-1/2"]
[WhiteElo "2072"]
[BlackElo "2254"]
[PlyCount "66"]
[EventDate "2007.02.16"]
[EventType "team-swiss"]
[EventRounds "9"]
[EventCountry "GER"]
[SourceTitle "CBM 117 Extra"]
[Source "ChessBase"]
[SourceDate "2007.05.09"]
[SourceVersion "1"]
[SourceVersionDate "2007.05.09"]
[SourceQuality "1"]

1. f4 d5 2. Nf3 g6 3. g3 Bg7 4. Bg2 Nf6 5. 0-0 0-0 6. c3 c5 7. d4 b6 8. Ne5 Bb7 9. Nd2 Nbd7 10. Qb3 Qc7 11. e3 Rad8 12. Ndf3 Ne4 13. Nxd7 Rxd7 14. Ne5 Rdd8 15. Bxe4 dxe4 16. Bd2 e6 17. Rfd1 Kh8 18. Rac1 f6 19. Ng4 h5 20. Nf2 e5 21. dxc5 bxc5 22. c4 exf4 23. gxf4 Rd7 24. Bc3 Rfd8 25. Rxd7 Rxd7 26. Rd1 Rd3 27. Qb5 Rxd1+ 28. Nxd1 Qd6 29. Nf2 Bc6 30. Qa6 Qd7 31. Qa5 Qe7 32. Qa6 Qb7 33. Qa3 Qe7 1/2-1/2

[Event "GER-ch Seniors 18th"]
[Site "Dresden"]
[Date "2006.07.23"]
[Round "2"]
[White "Hoelting, Siegfried"]
[Black "Schroeter, Helmut"]
[Result "1/2-1/2"]
[WhiteElo "1745"]
[BlackElo "1965"]
[PlyCount "59"]
[EventDate "2006.07.22"]
[EventType "swiss"]
[EventRounds "9"]
[EventCountry "GER"]
[SourceTitle "EXT 2022"]
[Source "ChessBase"]
[SourceDate "2021.10.06"]
[SourceVersion "1"]
[SourceVersionDate "2021.10.06"]
[SourceQuality "1"]

1. e4 e5 2. Nf3 Nc6 3. Bc4 Nf6 4. Nc3 Nxe4 5. Bxf7+ Kxf7 6. Nxe4 d5 7. Neg5+ Ke8 8. d4 h6 9. Nh3 Bg4 10. dxe5 Nxe5 11. Qe2 Bd6 12. Bf4 Qe7 13. Bxe5 Bxf3 14. gxf3 Qxe5 15. Qxe5+ Bxe5 16. 0-0-0 Kf7 17. Rxd5 Kf6 18. f4 Bd6 19. Re1 Rhe8 20. Re3 Re6 21. Kd2 Rae8 22. c3 c6 23. Rdd3 Bc5 24. Rxe6+ Rxe6 25. b4 Bb6 26. Rd7 Re7 27. Rxe7 Kxe7 28. Kd3 Ke6 29. Ke4 g6 30. c4 1/2-1/2

[Event "EU-chT Seniors 08th"]
[Site "Dresden"]
[Date "2006.02.22"]
[Round "6"]
[White "Titz, Herbert"]
[Black "Schroeter, Helmut"]
[Result "1/2-1/2"]
[WhiteElo "2070"]
[BlackElo "2033"]
[PlyCount "53"]
[EventDate "2006.02.17"]
[EventType "team-swiss"]
[EventRounds "8"]
[EventCountry "GER"]
[SourceTitle "CBM 111 Extra"]
[Source "ChessBase"]
[SourceDate "2006.05.09"]
[SourceVersion "1"]
[SourceVersionDate "2006.05.09"]
[SourceQuality "1"]
[WhiteTeam "Vienna"]
[BlackTeam "Sachsen"]
[WhiteTeamCountry "AUT"]
[BlackTeamCountry "GER"]

1. e4 e5 2. Nf3 Nc6 3. Bb5 a6 4. Ba4 Nf6 5. 0-0 Be7 6. Re1 b5 7. Bb3 d6 8. c3 0-0 9. d3 Na5 10. Bc2 c5 11. Nbd2 Qc7 12. Nf1 Bd7 13. Ng3 g6 14. Bh6 Rfc8 15. h3 Nc6 16. Rc1 b4 17. Bb3 bxc3 18. Ng5 Be8 19. bxc3 Qd8 20. Qf3 Na5 21. Bc2 Rcb8 22. Rb1 Rxb1 23. Rxb1 Rb8 24. Qd1 Nd7 25. Nf3 f6 26. Be3 Bf7 27. c4 1/2-1/2

[Event "EU-chT Seniors 07th"]
[Site "Dresden"]
[Date "2005.02.20"]
[Round "3"]
[White "Schroeter, Helmut"]
[Black "Kristiansen, Erling"]
[Result "1/2-1/2"]
[WhiteElo "1969"]
[BlackElo "2267"]
[PlyCount "57"]
[EventDate "2005.02.18"]
[EventType "team-swiss"]
[EventRounds "8"]
[EventCountry "GER"]
[SourceTitle "EXT 2006"]
[Source "ChessBase"]
[SourceDate "2005.11.24"]
[SourceVersion "1"]
[SourceVersionDate "2005.11.24"]
[SourceQuality "1"]

1. f4 Nf6 2. Nf3 d6 3. g3 c5 4. Bg2 Nc6 5. d3 g6 6. 0-0 Bg7 7. Nc3 0-0 8. e4 Rb8 9. Bd2 b5 10. Qe1 b4 11. Nd1 Qb6 12. Kh1 Nd4 13. Nxd4 cxd4 14. h3 e5 15. b3 Qc5 16. fxe5 dxe5 17. Rc1 Nd7 18. Nb2 a5 19. Nc4 Nb6 20. Rb1 Nxc4 21. bxc4 Be6 22. Kh2 Rb6 23. g4 Rfb8 24. Qh4 R6b7 25. Rb2 a4 26. Rfb1 a3 27. Rb3 Bd7 28. Qe1 Bf8 29. Rc1 1/2-1/2